000 00435nam a22001217a 4500
082 _a200 THE
100 _aJawad Riaz
_915557
245 _aTH-SOF-1279-"Assessment of Adoption of e-Government by Government Employees of Pakistan in Perspective of Diffusion of Innovation (DOI)"
260 _aIslamabad
_bNUST College of EME
_c2016
650 _aMS-EM-8 MSTHESIS
700 _aSu[ervisor Dr. Muhammad Tahir Nawaz
_970141
942 _cCF
999 _c577174
_d577174